University Mathematics: Second Edition (Record no. 23723)

MARC details
000 -LEADER
fixed length control field 00431nam a2200145Ia 4500
008 - FIXED-LENGTH DATA ELEMENTS--GENERAL INFORMATION
fixed length control field 211109s9999||||xx |||||||||||||| ||und||
082 ## - DEWEY DECIMAL CLASSIFICATION NUMBER
Classification number 510
Item number BLA-U
100 ## - MAIN ENTRY--PERSONAL NAME
Personal name Blakey, Joseph
245 #0 - TITLE STATEMENT
Title University Mathematics: Second Edition
260 ## - PUBLICATION, DISTRIBUTION, ETC.
Name of publisher, distributor, etc. English Language Book Socity
Place of publication, distribution, etc. Noplace
Date of publication, distribution, etc. 1963
300 ## - PHYSICAL DESCRIPTION
Extent 581p
630 ## - SUBJECT ADDED ENTRY--UNIFORM TITLE
General subdivision General Stack
650 ## - SUBJECT ADDED ENTRY--TOPICAL TERM
Topical term or geographic name entry element Natural Sciences
942 ## - ADDED ENTRY ELEMENTS (KOHA)
Koha item type BOOK
650 ## - SUBJECT ADDED ENTRY--TOPICAL TERM
Form subdivision MathematicsApplied Mathematics
General subdivision Mathematics
Holdings
Withdrawn status Lost status Damaged status Not for loan Home library Current library Date acquired Cost, normal purchase price Total Checkouts Full call number Barcode Shelving location Date last seen Price effective from Koha item type
        SB LIBRARY SB LIBRARY 09/11/2021 100.00   510 BLA-U 00024476 GENERAL STACK 09/11/2021 09/11/2021 BOOK

Powered by Koha